Quiz sur le Football Brésilien - Statistiques

Statistiques générales
  • Ce quiz a été pris 585 fois
  • Le résultat moyen est 15 sur 20
Statistiques - réponses
Réponse % Correct
Ronaldo
95%
Allemagne
92%
2002
91%
Kaká
91%
Ronaldinho
90%
Pelé
87%
1994
85%
Roberto Carlos
83%
1958
81%
1962
80%
1970
80%
Rivaldo
79%
Maracanã
70%
Argentine
64%
Flamengo
64%
Fluminense
54%
Raí
53%
Marta
50%
Cafu
42%
SE Palmeiras
29%
Aucun quiz correspondant
Distribution des résultats
% des personnes avec chaque résultat
Percentile par nombre de réponses
Votre historique - résultats
Vous n’avez pas pris ce quiz